000 00383 a2200169 4500
001 144501
040 _cLeonardo Da Vinci
041 _aPortuguês
082 _a833 H564t
_bH564t
100 _aHERRDORF,Wolfgang
245 _aTchick
260 _btordesilhas
_c2011
_aSão Paulo
300 _a227 p.
362 _a20110000
697 _aLiteratura Alemã;Ficção
942 _cBK
999 _c144501
_d144501